| 000 | 00972aam a2200325 4500 | ||
|---|---|---|---|
| 005 | 20181003141451.0 | ||
| 008 | 150306b xxu||||| |||| 00| 0 spa d | ||
| 020 | _a9786073221177 | ||
| 041 | _aspa | ||
| 082 | _a658.1 J77t7 | ||
| 100 |
_aJones, Gareth _915885 |
||
| 245 | _aTeoría organizacional: diseño y cambio en las organizaciones | ||
| 250 | _a7 edición | ||
| 260 | _aMéxico | ||
| 260 | _bPearson Educación | ||
| 260 | _c2013 | ||
| 300 | _a512 páginas | ||
| 650 |
_aORGANIZACION _9805 |
||
| 650 |
_aADMINISTRACION DE EMPRESAS _9521 |
||
| 650 |
_aMEDIO AMBIENTE _9505 |
||
| 650 |
_aINNOVACION TECNOLOGICA _915886 |
||
| 650 |
_aDISEÑO ORGANIZACIONAL _92736 |
||
| 650 |
_aESTRUCTURA ORGANIZACIONAL _93193 |
||
| 650 |
_aADMINISTRACION DE CONFLICTOS _915887 |
||
| 650 |
_aTRASFORMACIONES ORGANIZACIONALES _915888 |
||
| 650 |
_aCOMPETENCIAS _9525 |
||
| 650 |
_aCULTURA ORGANIZACIONAL _93037 |
||
| 650 |
_aCAMBIO ORGANIZACIONAL _93377 |
||
| 942 | _cBK | ||
| 999 |
_c3748 _d3748 |
||